| 000 | 01381cam a2200373 i 4500 | ||
|---|---|---|---|
| 001 | 6008 | ||
| 003 | FISKH | ||
| 005 | 20250225092715.0 | ||
| 008 | 230426s2023 nyu d 000 1 eng | ||
| 010 | _a 2023017578 | ||
| 020 |
_a9780593619919 _q(trade paperback) _c$15.00 |
||
| 020 |
_a9780593698440 _q(library binding) |
||
| 020 |
_z9780593619926 _q(epub) |
||
| 040 |
_aDLC _beng _erda _cDLC _dDLC |
||
| 050 | _aPZ7.H39724 C | ||
| 082 | _a813.00 | ||
| 100 | 1 |
_aHazelwood, Ali, _eauthor. |
|
| 245 | 1 | 0 |
_aCheck & mate / _cAli Hazelwood. |
| 260 |
_aNew York : _bPenguin Teens, _c2023. |
||
| 300 |
_a350 pages : _c21 cm |
||
| 336 |
_atext _btxt _2rdacontent |
||
| 337 |
_aunmediated _bn _2rdamedia |
||
| 338 |
_avolume _bnc _2rdacarrier |
||
| 520 | _aWhen eighteen-year-old Mallory begrudgingly agrees to return to chess in one last charity tournament, her surprise upset against Nolan Sawyer, the reigning world champ and bad boy of the chess world, sets her on an worldwin adventure as she rediscovers her passion for the game. | ||
| 521 |
_aAges 14 years and up. _bG.P. Putnam's Sons. |
||
| 650 | 1 |
_aChess _vFiction. |
|
| 650 | 1 |
_aInterpersonal relations _vFiction. |
|
| 650 | 1 |
_aFamily problems _vFiction. |
|
| 655 | 7 |
_aRomance fiction. _2lcgft |
|
| 655 | 7 |
_aNovels. _2lcgft |
|
| 906 |
_a7 _bcbc _corignew _d1 _eecip _f20 _gy-gencatlg |
||
| 942 |
_2ddc _cBK _n0 |
||
| 999 |
_c6008 _d6008 |
||